000 00863nam a2200277 a 4500
001 54347
003 BD-RjUL
005 20211209080116.0
008 161106s1990 enka b 001 0 eng
020 _a0675089042
035 _a(BD-RjUL)54469
040 _aDLC
_cDLC
_dDLC
_dBD-RjUL
_beng
041 _aeng
082 0 0 _a512
_223
_bSIM 2004
100 1 _aSingh, Surjeet
_9162198
245 1 0 _aModern algebra :
_b(for undergraduate and postgraduate students) /
_cSurjeet Singh; Qazi Zameeruddin
250 _a7th rev. ed.
260 _aDelhi : Vikas Pub. House Pvt Ltd.
_bVikas Pub. House Pvt Ltd.,
_c1990 [reprint 2004]
300 _avii, 215 p. :
_bill. ;
_c24 cm.
490 0 _aMerrill mathematics series
500 _aInclude index
650 0 _aAlgebra.
_9162199
700 _a Zameeruddin, Qazi
_9162200
942 _2ddc
_cBK
999 _c54347
_d54347